MDQL
is popping MORE tags! Check the
thread
!
Quizzes
Events
Quiz Creation
Community
Videos
Private Events
Remove Ads
Sign In
Join for FREE
Feedback
Dark Mode
Quiz Categories
Sports
Geography
Music
Movies
Television
Just For Fun
Miscellaneous
History
Literature
Language
Science
Gaming
Entertainment
Religion
Holiday
For Kids
Quiz Lab
Recent
Popular Today
Quiz Kudos Today
Editor Picks
Curator Picks
Quizzes by...
Day
Popularity
Type
Ratings
Length
Year
Community
Subscriptions
Recent Discussions
Orange Saloon
Badges
Playlists
Quests
Create
Leaderboards
Showdown
Live 5
Trivia Bingo
Activity
Puzzle Library
Sporcle Events
Private Events
Virtual Trivia
Globe League
Become a Host
Pub Owners
SporcleCon
Opinionation
Our Games
Videos
Blog
Mobile Apps
Partnerships
Remove Ads and Go Orange
Feedback
Music
Pop Music
The Beatles
Song
Album
Lyrics
Bands
Singers
Artist
Clip
Rock
Rap
Classical
Billboard
Country Music
Kpop
Taylor Swift
Music
Pop Music
The Beatles
Song
Album
Lyrics
Bands
Singers
Artist
Clip
Rock
Rap
Classical
Billboard
Country Music
Kpop
Taylor Swift
Random Quiz
Search Sporcle
×
Quiz Lab
Quiz Lab
Music
Lyrics
Type in answers that appear in a list
Type in answers that appear in a list
Classic
Best Score? Go Orange.
Guess the Glee lyrics Stats
Can you name the Glee cover?
By
emirylol
8m
145 Questions
3,439 Plays
3,439 Plays
3,439 Plays
Comments
Comments
Give Quiz Kudos
Give Quiz Kudos
-
- Ratings
hide this ad
Replay
Link that replays current quiz
Next Quiz
Link to next quiz in quiz playlist
You Got
0%
They Got
Avg Score
48%
Avg Friend Score
Upgrade to see
Score Distribution
Jump to the score distribution portion of the page
Score
0/145
Timer
08:00
0
Plays Today
% Correct
I
95.9%
I
95.9%
I
95.9%
I
95.9%
I
95.9%
I
95.9%
I
95.9%
I
95.9%
and
95.3%
and
95.3%
the
95.3%
the
95.3%
a
95.3%
The
95.3%
and
95.3%
And
95.3%
A
95.3%
and
95.3%
a
95.3%
the
95.3%
a
95.3%
you
89.6%
you
89.6%
you
89.6%
you
89.6%
you
89.6%
you
89.6%
love.'
77.1%
love.
77.1%
me
72.8%
me
72.8%
to
70.3%
'To
70.3%
to
70.3%
to
70.3%
To
70.3%
do
70.3%
it
67.1%
in
63.4%
in
63.4%
in
63.4%
on
61.7%
on.
61.7%
my
60.3%
my
60.3%
my
60.3%
can
59.1%
are
54.1%
If
53.7%
% Correct
If
53.7%
for
52.7%
of
52.3%
What
50.9%
that
50.2%
that
50.2%
know
49.4%
know
49.4%
will
46.5%
how
46.1%
who
46%
who
46%
with
44.3%
with
44.3%
I'll
44.1%
they
43.5%
am
41.9%
But
41.3%
But
41.3%
but
41.3%
but
41.3%
heart.
39.3%
from
38.8%
from
38.8%
from
38.8%
has
38.6%
has
38.6%
would
37.6%
would
37.6%
would
37.6%
would
37.6%
Oh,
37.3%
give
36.4%
give
36.4%
time
35.9%
as
35.6%
Sir,
33.4%
Sir,
33.4%
live
33.1%
come,
32.4%
try.
31.6%
try
31.6%
let
31.3%
mind,
31.3%
Those
30.4%
someone
30%
gone.
29.9%
make
29.6%
days,
28.8%
% Correct
isn't
28.4%
wanted
27.2%
wanted
27.2%
right
27.2%
sky
26.2%
sky
26.2%
end.
25.9%
thank
25.7%
That's
25.6%
telling
25.2%
schoolgirl
25%
perfume?
24.8%
best
24.7%
taken
24.6%
crayons
24.6%
return?
24.5%
still
24.4%
easy
24.1%
friend.
23.9%
friend
23.9%
long
23.8%
moon
23.8%
nails
23.6%
wrong,
23.6%
write
23.6%
high,
23.4%
tales
23.3%
must
23.2%
letters,
23.1%
last
23.1%
biting
22.5%
across
22.5%
looks
22.3%
leave,
22.2%
thousand
22%
feet
21.9%
lot
21.9%
books,
21.6%
taught
21.5%
learn.
21.3%
strong.
21.3%
leaving
20.6%
weak
20.5%
closing
20.4%
soar
20.1%
rather
19.2%
start,
19.1%
Quiz Playlist
Details
Report
Send in Message
Add To Playlist
Classic:
Type in answers that appear in a list
Last Updated: Feb 16, 2017
Quiz Scoreboard
CHALLENGE
Sign Up to Join the Scoreboard
Show All
Scores
Hide
Comments
May contain spoilers
Recently Published
Two Season TV Shows II
by 123Four
Television
10m
Image Sorting: Flags VI
by Barbecue
Geography
2m
Find the 'City' Movie
by crazypaving
Movies
60s
More to Explore
Quiz From the Vault
Featured Blog Post
14 Easter Pick-up Lines to Find Eggs With
hide this ad
You Might Also Like...
Tags
Lyrics Quiz
Cover
Glee
Today's Top Quizzes in Music
Browse Music
hide this ad
Today's Top Quizzes in Lyrics
Browse Lyrics
Top Contributed Quizzes in Music
1
5X2 Blitz: Bands II
2
5X2 Blitz: The Beatles
3
Taylor Swift All Songs (2024)
4
5X2 Blitz: Billboard
5
5X2 Blitz: Billboard II
6
Music Artist by Three 2010s hits
7
5X2 Blitz: Album
8
5X2 Blitz: Rock
9
5X2 Blitz: Singers
10
5X2 Blitz: Lyrics
Explore More
Trending Topics
Disney
Marvel
Crossword
Kpop
Anime
Harry Potter
NBA
WWE
Soccer
NFL
Song
Puzzle
Country
Pokémon
The Office
hide this ad
More By:
emirylol
Quiz
Plays
Rating
Category
Featured
Created
Guess the Glee lyrics
3,439
4.50
Music
Jul 3, 2010
Figure out the lyrics :)
1,583
2.53
Music
Jun 10, 2010
Go to Creator's Profile
Score Distribution
Quiz Creator Spotlight
emirylol
Follow
Send a Message
Quizzes Created
-
Created Quiz Play Count
-
More By This Creator
Popular Quizzes Today
1
Find the US States - No Outlines Minefield
2
Colored Red Africa Blitz
3
Find the 'City' Movie
4
5x2 Blitz: Bands
5
The Countries of the World
6
Find the Countries of Europe - No Outlines Minefield
7
Find the US States
8
US States
More Music Quizzes
Follow That Rhyme: Beatles Lyrics
Published
Trending Quizzes
Colored Red Europe Blitz I
Colored Red Africa Blitz II
Colored Red Europe Blitz II
Even More Two Season TV Shows
Colored Red Africa Blitz III
Recently Updated
March Madness Men's Triple Doubles
pecheneg
How Do You Spell That?
pecheneg
Godzilla Movies
pecheneg
Grab Bag: 4-10 Letters
pecheneg
2024 March Madness Bracket
pecheneg
Famous TV Couples
Peacemaker
Champions League XIs: Real Madrid
pecheneg
Largest US Cities 1790-2010
pecheneg
Rides in Walt Disney World
pecheneg
Most Oscar Losses (Acting)
pecheneg
Trending Topics
Crossword
Kpop
Disney
Marvel
NBA
Anime
Harry Potter
Country
Song
Puzzle
NFL
Soccer
Pokémon
The Office
WWE
Your Account Isn't Verified!
In order to create a playlist on Sporcle, you need to verify the email address you used during registration. Go to your
Sporcle Settings
to finish the process.
Report this User
Report this user for behavior that violates our
Community Guidelines
.
Details:
Send Report
Go to the Sporcle.com Mobile Site →
Comments